[Event "Australian Open 2015"]
[Site "Sydney AUS"]
[Date "2015.01.10"]
[Round "10.4"]
[White "Schon, Eugene"]
[Black "Zhao, Zong-Yuan"]
[Result "0-1"]
[WhiteTitle "FM"]
[BlackTitle "GM"]
[WhiteElo "2318"]
[BlackElo "2564"]
[WhiteFideId "3205690"]
[BlackFideId "3202534"]
[EventDate "2015.01.02"]

1. d4 Nf6 2. Bg5 c5 3. Bxf6 gxf6 4. d5 Qb6 5. Qc1 f5 6. c4 Bg7 7. Nc3 d6 8. e3
Nd7 9. Qc2 O-O 10. Nh3 Nf6 11. Bd3 e6 12. O-O Bd7 13. Rab1 Kh8 14. g3 Rae8 15.
Nf4 Qd8 16. f3 Bh6 17. Rbe1 Rg8 18. Ng2 a6 19. dxe6 fxe6 20. e4 f4 21. g4 e5 22.
h3 Bg5 23. Nd5 h5 24. Nxf6 Qxf6 25. Re2 hxg4 26. hxg4 Re7 27. Ne1 Rh7 28. Rh2
Rg7 29. Rxh7+ Rxh7 30. Ng2 Rh3 31. Rf2 Qh6 32. Kf1 Bxg4 33. Qa4 Rxf3 34. Qe8+
Kg7 35. Rxf3 Bxf3 36. Qd7+ Kf8 37. Qc8+ Ke7 38. Kf2 Bh5 39. Qxb7+ Kf8 40. Be2
Bf7 41. Qb8+ Kg7 42. Qb3 Bh4+ 43. Nxh4 Qxh4+ 44. Kg2 Be6 45. Qd3 Kf7 46. Bd1 Ke7
47. Be2 a5 48. a4 Qe1 49. Bh5 Qc1 50. b3 Qb2+ 51. Kg1 Qd4+ 52. Qxd4 exd4 53. Kf2
Kf6 54. Be2 Kg5 55. Bd1 d3 0-1

[Event "Australian Open 2015"]
[Site "Sydney AUS"]
[Date "2015.01.10"]
[Round "10.5"]
[White "Smerdon, David"]
[Black "Illingworth, Max"]
[Result "1/2-1/2"]
[WhiteTitle "GM"]
[BlackTitle "IM"]
[WhiteElo "2519"]
[BlackElo "2476"]
[WhiteFideId "3202305"]
[BlackFideId "3205207"]
[EventDate "2015.01.02"]

1. e4 e5 2. Nf3 Nc6 3. Bb5 Nf6 4. d3 Bc5 5. Bxc6 dxc6 6. Nbd2 Be6 7. O-O Nd7 8.
Nb3 Bb6 9. Ng5 Bxb3 10. axb3 f6 11. Nf3 Nc5 12. Nh4 Qd7 13. Qh5+ g6 14. Qh6
O-O-O 15. Be3 Kb8 16. Nf3 Ne6 17. Ra4 Rhf8 18. Bxb6 cxb6 19. Qe3 c5 20. Rfa1 a6
21. Nd2 b5 22. R4a3 h5 23. Nf1 Rc8 24. Qd2 h4 25. Ne3 Nf4 26. Rd1 Rcd8 27. Raa1
Qd4 28. Kh1 f5 29. Qa5 h3 30. g3 Ne6 31. Qb6 Rd6 32. Qa5 Rc6 33. Qe1 Qxb2 34.
exf5 gxf5 35. c3 b4 36. Rdc1 Qxb3 37. Nc4 bxc3 38. Rxc3 Qb4 39. Rb1 e4 40. Rxb4
cxb4 41. Rb3 Rfc8 42. Rb1 exd3 43. Ne5 Rc3 44. Nxd3 Rxd3 45. Qxe6 Rcd8 46. Re1
b3 47. Kg1 R8d5 48. Kf1 Ka7 49. Qe2 a5 50. Ra1 b6 51. Rc1 Rd7 52. Qe5 Ka6 53.
Qh8 Rd8 54. Qe5 a4 55. Rc4 Rd1+ 56. Ke2 R8d2+ 57. Kf3 b2 58. Rxa4+ Kb7 59. Qg7+
Kc6 60. Qc3+ Kb7 61. Qg7+ Kc6 62. Qc3+ 1/2-1/2

[Event "Australian Open 2015"]
[Site "Sydney AUS"]
[Date "2015.01.10"]
[Round "10.6"]
[White "Khamatgaleev, Alexej"]
[Black "Solomon, Stephen J."]
[Result "0-1"]
[WhiteTitle "IM"]
[BlackTitle "IM"]
[WhiteElo "2429"]
[BlackElo "2372"]
[WhiteFideId "4123549"]
[BlackFideId "3200043"]
[EventDate "2015.01.02"]

1. e4 c5 2. Nf3 d6 3. Bb5+ Nd7 4. d4 a6 5. Bxd7+ Bxd7 6. O-O cxd4 7. Qxd4 e5 8.
Qd3 h6 9. a4 Nf6 10. a5 Bc6 11. Re1 Be7 12. c4 O-O 13. Nc3 Rc8 14. Nd2 Nh5 15.
Nf1 Nf4 16. Bxf4 exf4 17. Nd2 Bf6 18. Nf3 Re8 19. Nd4 Be5 20. Red1 Qf6 21. f3 g6
22. Rab1 Qg5 23. Nxc6 Rxc6 24. Nd5 h5 25. b4 Kg7 26. h3 Qd8 27. Nb6 Qe7 28. Nd5
Qe6 29. b5 Rc5 30. Rdc1 g5 31. bxa6 bxa6 32. Rb7 Qc8 33. Qb3 g4 34. fxg4 hxg4
35. Ne7 Bd4+ 36. Kh1 Qe6 37. Qd1 Be3 38. Nf5+ Rxf5 39. exf5 Qxf5 40. Rcb1 gxh3
41. R1b2 Rh8 42. Qf3 hxg2+ 43. Kxg2 Kf6 44. R7b3 Rg8+ 45. Kf1 Rg1+ 46. Ke2 Bd4
47. Rd2 Qe5+ 48. Kd3 Rg3 0-1

[Event "Australian Open 2015"]
[Site "Sydney AUS"]
[Date "2015.01.10"]
[Round "10.7"]
[White "Yap, Kim Steven"]
[Black "Brown, Andrew"]
[Result "1-0"]
[WhiteTitle "IM"]
[BlackTitle "IM"]
[WhiteElo "2416"]
[BlackElo "2276"]
[WhiteFideId "5202809"]
[BlackFideId "3206513"]
[EventDate "2015.01.02"]

1. e4 e5 2. Nf3 Nc6 3. Bc4 Bc5 4. b4 Bxb4 5. c3 Be7 6. d4 Na5 7. Nxe5 Nxc4 8.
Nxc4 d5 9. exd5 Qxd5 10. Ne3 Qc6 11. O-O Nf6 12. c4 O-O 13. Bb2 b6 14. Nd2 Rd8
15. Nf3 Qe4 16. Re1 Bb4 17. Re2 Qf4 18. Qc2 Bb7 19. d5 Re8 20. Rd1 Bc5 21. Bd4
Nd7 22. Nf1 Rxe2 23. Qxe2 Bxd4 24. Rxd4 Qd6 25. Ng3 g6 26. h4 Qf8 27. Re4 Nf6
28. Rf4 Qd6 29. Qe3 c6 30. Ng5 cxd5 31. Qd4 Kg7 32. cxd5 h6 33. Ne6+ fxe6 34.
Qxf6+ Kh7 35. Qf7+ 1-0

[Event "Australian Open 2015"]
[Site "Sydney AUS"]
[Date "2015.01.10"]
[Round "10.8"]
[White "Ryjanova, Julia"]
[Black "Jones, Richard S."]
[Result "1/2-1/2"]
[WhiteTitle "WGM"]
[BlackTitle "IM"]
[WhiteElo "2413"]
[BlackElo "2414"]
[WhiteFideId "4127714"]
[BlackFideId "1800833"]
[EventDate "2015.01.02"]

1. d4 d5 2. c4 c6 3. Nc3 Nf6 4. e3 Bf5 5. cxd5 cxd5 6. Qb3 Nc6 7. Qxb7 Bd7 8.
Qb3 Rb8 9. Qd1 e5 10. Nf3 Bd6 11. dxe5 Nxe5 12. Be2 O-O 13. O-O Qe7 14. Nxe5
Bxe5 15. Nxd5 Nxd5 16. Qxd5 Rfc8 17. Qa5 Rc2 18. Bd1 Bc6 19. Bxc2 Bxh2+ 20. Kxh2
Qh4+ 21. Kg1 Bxg2 22. Kxg2 Qg4+ 23. Kh2 Qh4+ 1/2-1/2

[Event "Australian Open 2015"]
[Site "Sydney AUS"]
[Date "2015.01.10"]
[Round "10.9"]
[White "Li, Zuhao Luke"]
[Black "Wallis, Christopher"]
[Result "1/2-1/2"]
[WhiteTitle "FM"]
[BlackTitle "FM"]
[WhiteElo "2337"]
[BlackElo "2348"]
[WhiteFideId "4303431"]
[BlackFideId "3204839"]
[EventDate "2015.01.02"]

1. d4 d5 2. c4 c6 3. Nf3 Nf6 4. Nc3 dxc4 5. a4 Bf5 6. Ne5 Na6 7. e3 Nb4 8. Bxc4
e6 9. O-O Bd6 10. Qe2 h6 11. e4 Bh7 12. Bf4 Bc7 13. d5 Qb8 14. Nxf7 Kxf7 15. d6
Bxd6 16. e5 Bd3 17. Bxd3 Nxd3 18. Qxd3 Bxe5 19. Bxe5 Qxe5 20. Rae1 Qf5 21. Ne4
Nxe4 22. Rxe4 Rhd8 23. Qe3 Kg8 24. Re1 Rd6 25. g3 a5 26. Qb3 Qf7 27. Kg2 Rf8 28.
f4 Rd2+ 29. Kg1 e5 30. Qe3 Rxb2 31. Rxe5 Qa2 32. Re8 Rxe8 33. Qxe8+ Kh7 34. Qe4+
Kg8 35. Qe8+ 1/2-1/2

[Event "Australian Open 2015"]
[Site "Sydney AUS"]
[Date "2015.01.10"]
[Round "10.10"]
[White "Liu, Yi"]
[Black "Smirnov, Anton"]
[Result "1/2-1/2"]
[BlackTitle "IM"]
[WhiteElo "2265"]
[BlackElo "2432"]
[WhiteFideId "3210588"]
[BlackFideId "3208923"]
[EventDate "2015.01.02"]

1. Nf3 Nf6 2. c4 g6 3. Nc3 d5 4. cxd5 Nxd5 5. e4 Nxc3 6. bxc3 Bg7 7. d4 c5 8.
Be3 Qa5 9. Qd2 Nc6 10. Rb1 cxd4 11. cxd4 O-O 12. Qxa5 Nxa5 13. Bd2 b6 14. Bxa5
bxa5 15. Be2 Bg4 16. Ne5 Bxe5 17. dxe5 Be6 18. Kd2 Rab8 19. a3 Rb6 20. Rxb6 axb6
21. Rc1 Rd8+ 22. Ke3 Rc8 23. Rxc8+ Bxc8 24. Bb5 Kf8 25. f4 h5 26. g3 Kg7 27. Kd4
Be6 28. Ke3 Bc8 29. Kd4 Bb7 30. Be8 Ba6 31. Kd5 Kf8 32. Bd7 Bb7+ 33. Kc4 Ba6+
34. Kd5 Bd3 35. Kc6 b5 36. Kc5 b4 37. axb4 axb4 38. Kxb4 Bxe4 39. Kc5 e6 40. Kd6
Bd5 41. Bc6 Bc4 42. Bf3 Bf1 43. Be4 Bc4 44. Bh1 Bd3 45. Ba8 Bc2 46. Bh1 Bd3 47.
Ba8 Bc4 48. Bh1 Bd3 49. Ba8 Bb1 50. Bh1 Bf5 51. Ba8 Bh3 52. Bh1 Ke8 53. Ba8 Kf8
54. Bh1 Bf1 55. Ba8 Be2 56. Bh1 Bd3 57. Ba8 Bc4 58. Bh1 Bb5 59. Ba8 Ba4 60. Bh1
Bb3 61. Ba8 Ba2 62. Bh1 Bb1 63. Ba8 Bc2 64. Bh1 Bd1 65. Ba8 Bg4 66. Bh1 Bf5 67.
Ba8 Bd3 68. Bh1 Bf1 69. Ba8 Bd3 70. Bh1 Bc4 71. Ba8 Ba6 72. Bh1 Bb5 73. Ba8 Ba4
74. Bh1 Bb3 75. Ba8 Ba2 76. Bh1 Bb1 77. Ba8 Bc2 78. Bh1 Bd1 79. Ba8 Bg4 80. Bh1
Bf5 81. Ba8 Bd3 82. Bh1 Ba6 83. Ba8 Bb5 84. Bh1 Bc4 85. Ba8 Bd3 86. Bh1 Bc4 87.
Ba8 Bd3 88. Bh1 Bc4 89. Ba8 Bd3 90. Bh1 Bc4 1/2-1/2

[Event "Australian Open 2015"]
[Site "Sydney AUS"]
[Date "2015.01.11"]
[Round "11.1"]
[White "Ni, Hua"]
[Black "Cheng, Bobby"]
[Result "1-0"]
[WhiteTitle "GM"]
[BlackTitle "IM"]
[WhiteElo "2689"]
[BlackElo "2436"]
[WhiteFideId "8601160"]
[BlackFideId "4300033"]
[EventDate "2015.01.02"]

1. Nf3 Nf6 2. c4 e6 3. g3 a6 4. Bg2 b5 5. b3 c5 6. O-O Bb7 7. Nc3 Qa5 8. Bb2 Be7
9. e4 b4 10. e5 bxc3 11. Bxc3 Qd8 12. exf6 Bxf6 13. Bxf6 Qxf6 14. d4 cxd4 15.
Nxd4 Bxg2 16. Kxg2 O-O 17. Qf3 Qxf3+ 18. Kxf3 Rc8 19. Rad1 Kf8 20. Ke3 Ra7 21.
f4 g6 22. g4 d5 23. cxd5 exd5 24. Rc1 Re7+ 25. Kd2 Rce8 26. Rfe1 Rxe1 27. Rxe1
Rxe1 28. Kxe1 Ke7 29. Kd2 Kd6 30. b4 Nd7 31. a4 Nf6 32. g5 Nh5 33. Ke3 Ng7 34.
Nf3 Ke6 35. Kd4 Ne8 36. Kc5 Kf5 37. Nd4+ Ke4 38. b5 axb5 39. Nxb5 d4 40. Nxd4
Nc7 41. Kc6 Na6 42. Kb6 Nb4 43. Nc6 Nd5+ 44. Kb7 Nc3 45. a5 Kd5 46. a6 Nb5 47.
Kb6 Nd6 48. Ne7+ Ke6 49. a7 1-0

[Event "Australian Open 2015"]
[Site "Sydney AUS"]
[Date "2015.01.11"]
[Round "11.2"]
[White "Zhao, Zong-Yuan"]
[Black "Kazhgaleyev, Murtas"]
[Result "0-1"]
[WhiteTitle "GM"]
[BlackTitle "GM"]
[WhiteElo "2564"]
[BlackElo "2573"]
[WhiteFideId "3202534"]
[BlackFideId "13700316"]
[EventDate "2015.01.02"]

1. Nf3 d6 2. d4 Nf6 3. g3 Nbd7 4. Bg2 e5 5. c4 c6 6. Nc3 e4 7. Ng5 d5 8. cxd5
cxd5 9. Qb3 h6 10. Nh3 Nb6 11. O-O Be7 12. Bf4 O-O 13. Be5 Nh5 14. Rfc1 Bd6 15.
Bxd6 Qxd6 16. Nb5 Qd8 17. f3 exf3 18. exf3 Nc4 19. Nf2 Nf6 20. Nc3 Be6 21. Nd3
Na5 22. Qd1 Qb6 23. Ne2 Bf5 24. b3 Rfe8 25. Nc5 Nc6 26. Rc3 Re7 27. Bf1 Rae8 28.
Rac1 Nb4 29. Qd2 Bh3 30. Re1 Bxf1 31. Kxf1 Qa5 32. a4 Nc6 33. Rc2 Qb6 34. Rcc1
Na5 35. Rc3 Nc6 36. Rcc1 Qb4 37. Qxb4 Nxb4 38. Nf4 Rxe1+ 39. Rxe1 Rxe1+ 40. Kxe1
b6 41. Nb7 g5 42. Ne2 Ne8 43. Nc3 Kf8 44. Nb5 a6 45. N5d6 Nc2+ 46. Kf2 Nxd4 47.
b4 Ke7 48. Nxe8 Kxe8 49. a5 bxa5 50. bxa5 Nb3 51. Nd6+ Ke7 52. Nf5+ Ke6 53. Nxh6
Nxa5 54. h4 gxh4 55. gxh4 f5 56. Ke3 Nc6 57. h5 Ne7 58. Kd4 Kf6 59. f4 a5 60.
Kc5 a4 61. Kb4 0-1

[Event "Australian Open 2015"]
[Site "Sydney AUS"]
[Date "2015.01.11"]
[Round "11.3"]
[White "Khusnutdinov, Rustam"]
[Black "Papin, Vasily"]
[Result "1/2-1/2"]
[WhiteTitle "GM"]
[BlackTitle "GM"]
[WhiteElo "2476"]
[BlackElo "2513"]
[WhiteFideId "13701703"]
[BlackFideId "4143183"]
[EventDate "2015.01.02"]

1. d4 d5 2. c4 e6 3. Nc3 c6 4. e4 dxe4 5. Nxe4 Bb4+ 6. Bd2 Qxd4 7. Bxb4 Qxe4+ 8.
Ne2 Na6 9. Bf8 Ne7 10. Bxg7 Nb4 11. Bxh8 e5 12. Qd6 Nc2+ 13. Kd2 Nxa1 14. Qxe5
Qc2+ 15. Ke3 Be6 16. Nd4 Qd1 17. Bf6 O-O-O 18. Bxe7 Rxd4 19. Qh8+ Kc7 20. Qe5+
Kc8 21. Qh8+ Kc7 22. Qe5+ Kc8 1/2-1/2

[Event "Australian Open 2015"]
[Site "Sydney AUS"]
[Date "2015.01.11"]
[Round "11.4"]
[White "Illingworth, Max"]
[Black "Yap, Kim Steven"]
[Result "1-0"]
[WhiteTitle "IM"]
[BlackTitle "IM"]
[WhiteElo "2476"]
[BlackElo "2416"]
[WhiteFideId "3205207"]
[BlackFideId "5202809"]
[EventDate "2015.01.02"]

1. d4 Nf6 2. Bg5 d5 3. e3 e6 4. c4 c6 5. Nc3 Be7 6. Nf3 Nbd7 7. Qc2 O-O 8. Rd1
Re8 9. a3 h6 10. Bf4 Qa5 11. Bd3 dxc4 12. Bxc4 Nd5 13. O-O Nxf4 14. exf4 Nb6 15.
Ba2 Nd5 16. Bb1 g6 17. Ne5 Bf6 18. Nxg6 Bg7 19. Nxd5 Qxd5 20. Ne5 Qd8 21. Rd3 f5
22. Qe2 Qh4 23. g3 Qf6 24. Re1 Rd8 25. Ba2 Rd6 26. b4 a5 27. Nc4 Rxd4 28. Nb6
Re4 1-0

[Event "Australian Open 2015"]
[Site "Sydney AUS"]
[Date "2015.01.11"]
[Round "11.5"]
[White "Solomon, Stephen J."]
[Black "Ryjanova, Julia"]
[Result "0-1"]
[WhiteTitle "IM"]
[BlackTitle "WGM"]
[WhiteElo "2372"]
[BlackElo "2413"]
[WhiteFideId "3200043"]
[BlackFideId "4127714"]
[EventDate "2015.01.02"]

1. e4 c5 2. Nf3 Nc6 3. d4 cxd4 4. Nxd4 Nf6 5. Nc3 d6 6. Bg5 e6 7. Qd2 a6 8.
O-O-O h6 9. Nxc6 bxc6 10. Bf4 d5 11. Qe3 Be7 12. Be2 O-O 13. h4 Qa5 14. Bxh6
Nxe4 15. Nxe4 dxe4 16. Bxg7 Kxg7 17. Qxe4 f5 18. Qc4 Rb8 19. c3 Qb6 20. Qd4+
Qxd4 21. Rxd4 Bc5 22. Rc4 Bxf2 23. Rxc6 Rb6 24. Rc7+ Kh6 25. g4 Be3+ 26. Kc2
fxg4 27. Bxg4 Bb7 28. Rxb7 Rxb7 29. Re1 Ba7 30. Rxe6+ Kg7 31. b4 Rf6 32. Re5 Rc7
33. Kb3 Bf2 34. a4 Bxh4 35. Be2 Rg6 36. Rd5 Be1 37. c4 Rg3+ 38. Bd3 a5 39. b5
Bf2 40. Kc2 Be3 41. Rd6 Bc5 42. Rd5 Kf8 43. Rh5 Bd4 44. Rd5 Rg2+ 45. Kb3 Rg4 46.
Rd6 Bc5 47. Rd5 Rd4 48. Rf5+ Rf7 49. Rxc5 Rxd3+ 50. Kc2 Ra3 51. Rc8+ Kg7 52. Re8
Rf2+ 53. Kb1 Rxa4 54. Re1 Rxc4 55. b6 Rb4+ 56. Ka1 Rf3 57. Ka2 Rxb6 58. Re5 Rg6
59. Re2 Rgf6 60. Re5 R6f5 61. Re6 Rg3 62. Re2 Kf6 63. Kb2 Kg5 64. Ka2 Kg4 65.
Rh2 Re5 66. Kb2 Ree3 0-1

[Event "Australian Open 2015"]
[Site "Sydney AUS"]
[Date "2015.01.11"]
[Round "11.6"]
[White "Li, Zuhao Luke"]
[Black "Smerdon, David"]
[Result "0-1"]
[WhiteTitle "FM"]
[BlackTitle "GM"]
[WhiteElo "2337"]
[BlackElo "2519"]
[WhiteFideId "4303431"]
[BlackFideId "3202305"]
[EventDate "2015.01.02"]

1. Nf3 d5 2. c4 d4 3. e3 Nc6 4. exd4 Nxd4 5. Nxd4 Qxd4 6. Nc3 c6 7. d3 e5 8. Be3
Qd6 9. d4 exd4 10. Bxd4 Nh6 11. Qe2+ Qe6 12. O-O-O Nf5 13. Be5 Be7 14. g4 Nh4
15. Bxg7 Rg8 16. Be5 Qh6+ 17. f4 Bxg4 18. Rg1 Bxe2 19. Rxg8+ Bf8 20. Bxe2 f6 21.
Rd6 Kf7 22. Rxf6+ Kxg8 23. Rxh6 Bxh6 24. c5 Kf7 25. Ne4 Ng6 26. Bc4+ Ke8 27. Kc2
Bxf4 28. Bf6 Bxh2 29. Bg5 Be5 30. Be6 Nf8 31. Bf5 Kf7 32. b3 Ne6 33. Bg4 Nxg5
34. Nxg5+ Ke7 35. Nxh7 Rg8 36. Bf5 Rg2+ 37. Kd3 Rxa2 38. Bc8 Bf4 39. Kd4 0-1

[Event "Australian Open 2015"]
[Site "Sydney AUS"]
[Date "2015.01.11"]
[Round "11.7"]
[White "Liu, Yi"]
[Black "Ly, Moulthun"]
[Result "0-1"]
[BlackTitle "IM"]
[WhiteElo "2265"]
[BlackElo "2460"]
[WhiteFideId "3210588"]
[BlackFideId "3204405"]
[EventDate "2015.01.02"]

1. Nf3 d5 2. d4 Nf6 3. c4 e6 4. Nc3 Bb4 5. cxd5 exd5 6. Bg5 h6 7. Bh4 g5 8. Bg3
Ne4 9. Nd2 Nxg3 10. hxg3 c6 11. e3 Be6 12. a3 Be7 13. b4 Nd7 14. Nb3 Kf8 15. Bd3
Kg7 16. Qc2 Nf6 17. Na4 b6 18. Bf5 Qd7 19. Bxe6 Qxe6 20. Nb2 Rac8 21. O-O-O Ne4
22. Nd3 a5 23. Kb2 Bf6 24. Ka2 a4 25. Nd2 c5 26. bxc5 bxc5 27. Nxc5 Rxc5 28.
dxc5 Nc3+ 29. Kb2 Rb8+ 30. Kc1 Ne2# 0-1

[Event "Australian Open 2015"]
[Site "Sydney AUS"]
[Date "2015.01.11"]
[Round "11.8"]
[White "Jones, Richard S."]
[Black "Loh, Zachary"]
[Result "1/2-1/2"]
[WhiteTitle "IM"]
[WhiteElo "2414"]
[BlackElo "2076"]
[WhiteFideId "1800833"]
[BlackFideId "3210383"]
[EventDate "2015.01.02"]

1. e4 e6 2. d4 d5 3. Nc3 Bb4 4. e5 c5 5. a3 Bxc3+ 6. bxc3 Qc7 7. Qg4 f5 8. Qg3
Nc6 9. Nf3 cxd4 10. cxd4 Nge7 11. Bd2 O-O 12. Bd3 Bd7 13. O-O Be8 14. Rab1 Bg6
15. Qh4 Qd7 16. Ng5 h6 17. Nh3 f4 18. Bxg6 Nxg6 19. Qg4 Qf7 20. c3 b6 21. Nxf4
Ncxe5 22. dxe5 Nxf4 23. Bxf4 Qxf4 24. Qxe6+ Kh8 25. Qxd5 Rad8 26. Qb7 Rd2 27.
Qf3 Qxf3 28. gxf3 Rxf3 29. Rbd1 Rfxf2 30. Rxd2 Rxd2 31. Rf7 Re2 32. Rxa7 Rxe5
33. Ra6 Rc5 34. Rxb6 Rxc3 35. a4 1/2-1/2

[Event "Australian Open 2015"]
[Site "Sydney AUS"]
[Date "2015.01.11"]
[Round "11.9"]
[White "Wallis, Christopher"]
[Black "Morris, James"]
[Result "0-1"]
[WhiteTitle "FM"]
[BlackTitle "IM"]
[WhiteElo "2348"]
[BlackElo "2378"]
[WhiteFideId "3204839"]
[BlackFideId "3205800"]
[EventDate "2015.01.02"]

1. d4 Nf6 2. c4 e6 3. Nf3 Bb4+ 4. Nbd2 O-O 5. g3 d5 6. Qc2 c5 7. Bg2 cxd4 8.
Nxd4 e5 9. Nb3 dxc4 10. Qxc4 a5 11. a3 Be7 12. O-O a4 13. Nc5 Nc6 14. b4 Nd4 15.
Bb2 Bxc5 16. bxc5 Be6 17. Qd3 Rc8 18. Rac1 Bf5 19. e4 Bg4 20. Bxd4 Qxd4 21. Qxd4
exd4 22. h3 Be2 23. Rfe1 d3 24. Rc3 Nd7 25. Rec1 Rc7 26. f4 Rfc8 27. c6 Rxc6 28.
Rxc6 Rxc6 29. Rxc6 bxc6 30. e5 c5 31. Nc4 Nb6 32. Nd2 c4 33. Nb1 d2 0-1

[Event "Australian Open 2015"]
[Site "Sydney AUS"]
[Date "2015.01.11"]
[Round "11.10"]
[White "Canfell, Gregory"]
[Black "Bjelobrk, Igor"]
[Result "0-1"]
[WhiteTitle "FM"]
[BlackTitle "IM"]
[WhiteElo "2331"]
[BlackElo "2361"]
[WhiteFideId "3200418"]
[BlackFideId "4300726"]
[EventDate "2015.01.02"]

1. e4 e5 2. Nf3 Nc6 3. Bc4 Bc5 4. O-O d6 5. c3 Nf6 6. d3 Bb6 7. Nbd2 Ne7 8. Bb3
Ng6 9. Nc4 Be6 10. Ng5 Bxc4 11. Bxc4 O-O 12. a4 a5 13. Be3 Bxe3 14. fxe3 h6 15.
Nxf7 Rxf7 16. Bxf7+ Kxf7 17. Qb3+ Ke7 18. Qxb7 Rb8 19. Qc6 Rxb2 20. Rab1 Rb6 21.
Qc4 Qb8 22. Rb5 Rxb5 23. axb5 Nf8 24. d4 N8d7 25. h3 Qb7 26. Kh1 Nb6 27. Qa2 a4
28. dxe5 dxe5 29. Qa3+ Kf7 30. Qa2+ Ke7 31. Qa3+ Ke8 32. Qa2 Qxe4 33. Qe6+ Kd8
34. Rd1+ Nbd7 35. b6 cxb6 36. Qxb6+ Ke7 37. Rd6 Nxb6 38. Rd1 Nbd7 0-1